banner koha

Melhoramento para resistencia a doencas e caracteristicas agronomicas atraves de retrocruzamentos em trigo [Triticum spp., fungo, virus, variedade resistente] (Registro n. 315479)

MARC details
000 -LÍDER
campo de controle de tamanho fixo 01691naa a22004817a 4500
001 - NÚMERO DE CONTROLE
campo de controle BR8205926
003 - IDENTIFICADOR DO NÚMERO DE CONTROLE
campo de controle BR-BrBNA
005 - DATA E HORÁRIO DA ÚLTIMA TRANSAÇÃO
campo de controle 20240918175204.0
007 - CAMPO FIXO DE DESCRIÇÃO FÍSICA--INFORMAÇÃO GERAL
campo de controle de tamanho fixo ta
008 - CAMPO DE DADOS FIXOS--INFORMAÇÃO GERAL
campo de controle de tamanho fixo 230509b bl.||||| |||| 00| 0 por d
040 ## - FONTE DA CATALOGAÇÃO
Instituição da catalogação original BR-BrBNA
Idioma da catalogação por
Instituição que transcreveu o registro Biblioteca Nacional de Agricultura
041 ## - CÓDIGO DE IDIOMA
Código do idioma do texto/trilha sonora ou título diferente (Pt)
072 ## - CÓDIGO DE CATEGORIA DE ASSUNTO
Código de Categoria de Assunto H20; F30
Código do objeto 0180
-- 4120
-- 4150
090 ## - NÚMERO DE CHAMADA LOCAL
Número de chamada H20 BR8205926
100 1# - ENTRADA PRINCIPAL--NOME PESSOAL
Nome pessoal Rosa, O. de S.
100 1# - ENTRADA PRINCIPAL--NOME PESSOAL
Nome pessoal Barcellos, A.L.
100 1# - ENTRADA PRINCIPAL--NOME PESSOAL
Nome pessoal Prestes, A.M.
100 1# - ENTRADA PRINCIPAL--NOME PESSOAL
Nome pessoal Sousa, C.N.A. de
100 1# - ENTRADA PRINCIPAL--NOME PESSOAL
Nome pessoal Picinini, E.C.
100 1# - ENTRADA PRINCIPAL--NOME PESSOAL
Nome pessoal Coelho, E.T.
100 1# - ENTRADA PRINCIPAL--NOME PESSOAL
Nome pessoal Sartori, J.F.
100 1# - ENTRADA PRINCIPAL--NOME PESSOAL
Nome pessoal Duca, L. de J.A. del
100 1# - ENTRADA PRINCIPAL--NOME PESSOAL
Nome pessoal Aita, L.
100 1# - ENTRADA PRINCIPAL--NOME PESSOAL
Nome pessoal Souza, P.G.
100 1# - ENTRADA PRINCIPAL--NOME PESSOAL
Nome pessoal Scheeren, P.L.
100 1# - ENTRADA PRINCIPAL--NOME PESSOAL
Nome pessoal Caetano, V. da R.
100 1# - ENTRADA PRINCIPAL--NOME PESSOAL
Nome pessoal Linhares, W.I.
100 1# - ENTRADA PRINCIPAL--NOME PESSOAL
Nome pessoal Luz, W.C. da
111 1# - ENTRADA PRINCIPAL--NOME DO EVENTO
Nome do evento ou lugar 12. Reuniao Nacional de Pesquisa de Trigo
Local do evento Cascavel, PR (Brazil)
Data do evento ou assinatura do tratado 19-23 Jul 1982
245 1# - TÍTULO
Título Melhoramento para resistencia a doencas e caracteristicas agronomicas atraves de retrocruzamentos em trigo [Triticum spp., fungo, virus, variedade resistente]
260 3# - PUBLICAÇÃO, DISTRIBUIÇÃO, ETC.
Local de publicação, distribuição, etc. Passo Fundo, RS (Brasil):
Data da publicação, distribuição, etc. 1982.
500 ## - NOTA GERAL
Nota geral Resultados de pesquisa apresentados na 12. Reuniao Nacional de Pesquisa de Trigo<br/>Passo Fundo, RS (Brasil): 1982. p. 114-118<br/>(BR8205926-AM)H20<br/>
650 ## - ASSUNTO--TERMO TÓPICO
Cabeçalho tópico ou nome geográfico TRIGO
650 ## - ASSUNTO--TERMO TÓPICO
Cabeçalho tópico ou nome geográfico VARIEDADE
650 ## - ASSUNTO--TERMO TÓPICO
Cabeçalho tópico ou nome geográfico LINHAGEM
650 ## - ASSUNTO--TERMO TÓPICO
Cabeçalho tópico ou nome geográfico CARACTERISTICAS AGRONOMICAS
650 ## - ASSUNTO--TERMO TÓPICO
Cabeçalho tópico ou nome geográfico FUNGO
650 ## - ASSUNTO--TERMO TÓPICO
Cabeçalho tópico ou nome geográfico VIRUS
650 ## - ASSUNTO--TERMO TÓPICO
Cabeçalho tópico ou nome geográfico VARIEDADE RESISTENTE
773 0# - ENTRADA ANALÍTICA
Título Resultados de pesquisa apresentados na 12. Reuniao Nacional de Pesquisa de Trigo
Número de controle do registro H20 BR8205926
Partes relacionadas Passo Fundo, RS (Brasil), 1982. p. 114-118
909 ## -
-- 202404
-- Lucia
-- 55
-- Lucia Elande
942 ## - ELEMENTOS DE ENTRADA ADICIONADOS (KOHA)
Tipo de material Koha Capítulo-Livro
Fonte da classificação ou esquema de arquivamento na estante Classificação AGRIS
Exemplares
Situação do descarte Fonte da classificação ou esquema de arquivamento na estante Situação física Não pode ser emprestado Coleção Biblioteca de origem Biblioteca atual Localização na estante Total de empréstimos Número de telefone completo Data de último acesso Número do exemplar Tipo de material Koha Situação das perdas Data de aquisição Fonte de aquisição
  Classificação AGRIS       Biblioteca Nacional de Agricultura - Binagri Biblioteca Nacional de Agricultura - Binagri Agrobase - Acervo Geral   0180 BR8205916 20/05/2024 01 Capítulo-Livro   2024-04-11 Portaria Interministerial nº 164/94

BINAGRI

Telefone: (61)3218-2567/2388/3357/2097 - binagri@agro.gov.br

Ministério da Agricultura e Pecuária , Esplanada dos Ministérios, Bloco D, Anexo B, Brasília/DF, CEP: 70.043-900